[Event "Verano Cup"]
[Site "Tornelo INT"]
[Date "2022.01.27"]
[Round "3"]
[White "Gutierrez Yanez, Carlos"]
[Black "Huerta Escobar, Bruce"]
[Result "1/2-1/2"]
[WhiteElo "2011"]
[BlackElo "2134"]
[PlyCount "80"]
[EventDate "2022.01.27"]
[EventType "tourn"]
[EventRounds "10"]
[EventCountry "VEN"]
[SourceTitle "EXT 2023"]
[Source "ChessBase"]
[SourceDate "2022.10.05"]
[SourceVersion "1"]
[SourceVersionDate "2022.10.05"]
[SourceQuality "1"]

1. c4 Nf6 2. Nc3 e6 3. g3 c5 4. Bg2 d5 5. cxd5 exd5 6. d4 cxd4 7. Qxd4 Nc6 8. Qd3 d4 9. Nb5 a6 10. Bxc6+ bxc6 11. Nxd4 Qd5 12. Ngf3 Bh3 13. Qb3 Qxb3 14. axb3 Bd6 15. Ng5 Bg2 16. Rg1 Bd5 17. Nf5 Bb4+ 18. Bd2 Bxd2+ 19. Kxd2 h6 20. Nf3 Rd8 21. Kc1 g6 22. Ne3 Bxb3 23. Ra3 Be6 24. Rd1 Rxd1+ 25. Nxd1 Bc4 26. Rc3 Bb5 27. Nd4 Kd7 28. Rf3 Ke7 29. Re3+ Kd6 30. Nc3 Re8 31. Rxe8 Nxe8 32. e4 Kc5 33. Nc2 Nd6 34. e5 Nc4 35. f4 a5 36. b3 Nb6 37. Ne4+ Kd5 38. Nc3+ Kc5 39. Ne4+ Kd5 40. Nc3+ Kc5 1/2-1/2